000 01233nam a22003857a 4500
001 0015386
003 KOHA_MİRAKIL
005 20260207002028.0
007 ta
008 100318b1996 tu |||grd|||#0|||0|tur |
020 _a9753380895
040 _aTR-BiSEU
_btur
_cTR-BiSEU
_erda
041 0 _atur
044 _ctu
050 _aB48.T8
_bB65 1996
100 1 _aBolay, Süleyman Hayri.
245 1 _aFelsefi doktrinler ve terimler sözlüğü/
_cSüleyman Hayri Bolay ; Süleyman Hayri Bolay.
264 1 _aAnkara :
_bAkçağ Yayınları
_c1996
300 _aXXVIII, 541 sayfa; 20 cm.
336 _ametin
_btxt
_2rdacontent
337 _aaracısız
_bn
_2rdamedia
338 _acilt
_bnc
_2rdacarrier
490 1 _aAkçağ yayınları ;
_v182.
490 1 _aSözlük serisi ;
_v8.
500 _aTürkçe ve Almanca dizin var.
500 _aDizin var.
650 0 _aPhilosophy--Dictionaries--Turkish.
_927385
650 0 _aPhilosophy--Terminology--Turkish.
_935700
650 0 _aFelsefe--Sözlükler--Türkçe.
_935701
650 0 _aFelsefe--Terminoloji--Türkçe.
_935702
830 1 _aAkçağ yayınları ;
_v182.
_97970
830 1 _aSözlük serisi ;
_v8.
_935703
907 _aSözlük
942 _2lcc
_cBK
999 _c15349
_d15349